V tom čase to nebolo špecifikum len SPP

Posledná kvalitatívne rozpoznateľná etapa vývoja slovenského plynárenstva od r. 1990. Rozdelenie na naftárenské a plynárenské odvetvie. Krajské riadenie plynárenskej činnosti. Úlohy SPP od r. 1990.

Saved in:
Bibliographic Details
Main Author: Demko, A.
Format: Book Chapter
Language:Slovak
Subjects:
Tags: Add Tag
No Tags, Be the first to tag this record!

MARC

LEADER 00000naa a2200000 4500
001 r027332
005 20230824090211.0
041 0 |a slo 
044 |a SK 
245 1 0 |a V tom čase to nebolo špecifikum len SPP  |c A. Demko 
520 |a Posledná kvalitatívne rozpoznateľná etapa vývoja slovenského plynárenstva od r. 1990. Rozdelenie na naftárenské a plynárenské odvetvie. Krajské riadenie plynárenskej činnosti. Úlohy SPP od r. 1990. 
610 2 0 |a Slovensko 
610 2 0 |a 1990-1997 
610 2 0 |a priemysel plynárenský 
610 2 0 |a Slovenský plynárenský priemysel, š.p. Bratislava 
610 2 0 |a SPP 
100 1 |a Demko, A.